Системи на торене в сеитбообращението (Запис номер 187622)
[ съкратено ]
| 000 -Лидер | |
|---|---|
| Контролно поле с фиксирана дължина | 01397nam a2200313 c 4500 |
| 003 - Код на организацията, давaща контролен номер | |
| Контролно поле | BLK |
| 005 - Дата и час на последна редакция | |
| Контролно поле | 20221207101541.0 |
| 008 - Елементи от данни с фиксирана дължина | |
| fixed length control field | 180411b bul|||||r ||||||| ||bul|| |
| 010 ## - Наследен системен номер | |
| LC control number | KNG00196638000 |
| 040 ## - Източник на каталожния запис | |
| Идентификатор на билиотеката - собственик на записа | BLK |
| 041 ## - Код за език | |
| Код за езика на текст/звукозапис или на отделно заглавие | Български |
| Код за езика КДБФ | Български |
| 080 ## - УДК | |
| Текстов определител УДК | Торове. Торене. Стимулиране растежа на растенията. Растителни стимулатори |
| УДК код - определител по УДК | 631.8 |
| УДК - код + определител | 631.8 |
| 080 ## - УДК | |
| Текстов определител УДК | Почвознание. Почвени изследвания |
| УДК код - определител по УДК | 631.4 |
| УДК - код + определител | 631.4 |
| 100 1# - Редна дума - Автор | |
| Автор | Илков, Добрин В. |
| Авторска отговорност | първи автор |
| R(LIN) | 344395 |
| 139 ## - Редно поле | |
| Редна дума | Системи за торене в сеитбообращението |
| Авторски знак | Сир - С 38 |
| 245 10 - Сведения за заглавието | |
| Заглавие | Системи на торене в сеитбообращението |
| Подзаглавни данни | Изследване |
| Редно поле (дума) | Добрин В. Илков. |
| 257 ## - Страна на издаване | |
| Страна на създаване/издаване | България |
| 260 ## - Област на издателските данни | |
| Име на издателя, разпространителя и проч. | Земиздат |
| Година на издаване | 1980 |
| Печатница | Хасково : Ат. Стратиев |
| 300 ## - Физическа характеристика | |
| Страници | 200 с. |
| Илюстрации и др. | с диагр., табл. |
| Размери/Мащаб | 20 см |
| 380 ## - Жанр | |
| Жанр | Селско стопанство |
| 500 ## - Общи забележки | |
| Забележка | Други авт. : Ц. Груев, Хр. Филипов, З. Върбанова, В. Дончева. - 1 100 тир. - Библиогр. с. 197-198. |
| 650 #4 - Допълнително описание по предмет – тема | |
| Основно описание – тема или топоним | Торене |
| 9 (RLIN) | 173808 |
| 650 #4 - Допълнително описание по предмет – тема | |
| Основно описание – тема или топоним | Почви |
| 9 (RLIN) | 167278 |
| 852 ## - Местоположение | |
| Форматна сигнатура | Цб 105622 |
| 856 4# - Електронен адрес и достъп | |
| Електронен формат | pdf - файл |
| Инструкция (цена за достъп) | 0.00 |
| Права за достъп | disable |
| 856 4# - Електронен адрес и достъп | |
| Електронен формат | pdf - файл |
| Инструкция (цена за достъп) | 0.00 |
| Права за достъп | disable |
| 999 ## - СИСТЕМНИ КОНТРОЛНИ НОМЕРА | |
| Koha biblionumber | 187622 |
| Koha biblioitemnumber | 187622 |
| 942 ## - АРТИКУЛИ | |
| Вид на библиотечния материал | Книги |
| Скрит в OPAC | Не |
| Периодичен библиозапис | Да |
| 944 ## - СЪЗДАВАНЕ И РЕДАКЦИЯ на ЗАПИСА | |
| Създаване/Редакция | Създаване |
| Дата на регистрацията/редакция | 22.11.2016 |
| Служител, извършил регистрацията/редакцията | Грета_Цуфелде |
| 944 ## - СЪЗДАВАНЕ И РЕДАКЦИЯ на ЗАПИСА | |
| Създаване/Редакция | Редакция |
| Дата на регистрацията/редакция | 22.11.2016 |
| Служител, извършил регистрацията/редакцията | Грета_Цуфелде |
| 999 ## - СИСТЕМНИ КОНТРОЛНИ НОМЕРА | |
| Koha biblioitemnumber | 187622 |
| Код за отписване | Код за изгубен артикул | Източник на класификационната схема | Код за повреда | Коз за рестрикции | Код за отдаване | Артикулен № | Име на библиотеката - собственик | Име на библиотеката, в която се намира в момента | Статус (Текущо местоположение) | Дата на вписване в системата | Местоположение - отдел | Цена в лева | Инвентарен номер | Систематично азбучна сигнатура | Баркод | Номер на екземпляра | Цена в евро | Служебна бележка | Служебен тип на артикула |
|---|---|---|---|---|---|---|---|---|---|---|---|---|---|---|---|---|---|---|---|
| Не е изгубен | Universal Decimal Classification | Не е повреден | само за читалня | ползва се в читалня | 327762 | Регионална библиотека "Любен Каравелов" Русе | Регионална библиотека "Любен Каравелов" Русе | Хранилище | 1980-01-01 | Хранилище | 1.71 | 313400 | Цб 105622 | 120000313400 | 1 | 0.87 | N: стар фонд Дата: 01.01.1980 | Книги | |
| Изтеглен | Не е изгубен | Universal Decimal Classification | Не е повреден | без рестрикции | заемане за дома | 327763 | Регионална библиотека "Любен Каравелов" Русе | Регионална библиотека "Любен Каравелов" Русе | Заемна - подръчен фонд | 1980-01-01 | Заемна - подръчен фонд | 1.71 | 313800 | П 631.8/С 38 | 313800 | 2 | 0.87 | N: стар фонд Дата: 01.01.1980 Дата инв: 06.02.2018 Бележки инв: П2018 | Книги |